00809nam a2200277 a 450000100060000000300090000600500170001500800410003201500210007303500150009404000280010904100080013704300180014508200170016310000470018024000390022724500520026626000570031830000220037550000230039765000390042065100320045994200120049194900110050399900170051424756CO-ViMGA20230915232017.0141112s2004 ck r 000 u spa d ack - 1996 - xxxx aAGS2882 LA aCO-ViMGAbspacCO-ViMGA aspa as - ck - - - 04aI861.6 N45a1 aNiño, Jairo Aníbal, 1941 - 2010936971 aBoyacá - Bibliografía regional10aLa alegría de querer / cJairo Anibal Niño. aBogotá : bInstituto Nacional para Ciegos, c1994. a[43 h.] ; 32 cm. aEscrito en braile.14aPoesía infantil colombiana.9943 aColombia - Poesía.936972 2ddccBK ac c c32558d32558